মাস্টার পাসওয়ার্ড: (Record no. 11699)
[ view plain ]
| 000 -LEADER | |
|---|---|
| fixed length control field | 00958nam a2200241 a 4500 |
| 001 - CONTROL NUMBER | |
| JCCL Control Number | 11699 |
| 003 - CONTROL NUMBER IDENTIFIER | |
| JCCL marc code | BD-JhCC |
| 005 - DATE AND TIME OF LATEST TRANSACTION | |
| control field | 20200723094122.0 |
| 008 - FIXED-LENGTH DATA ELEMENTS--GENERAL INFORMATION | |
| fixed length control field | 200723b2017 bg a|||| ||a| 000 0 mul d |
| 020 ## - INTERNATIONAL STANDARD BOOK NUMBER | |
| International Standard Book Number | 9789849266112 |
| 035 ## - SYSTEM CONTROL NUMBER | |
| system control number | (BD-JhCC)11699 |
| 040 ## - CATALOGING SOURCE | |
| Original cataloging agency | BD-JhCC |
| Modifying agency | BD-JhCC |
| 041 ## - LANGUAGE CODE | |
| Language code of Book | mul |
| 082 ## - DEWEY DECIMAL CLASSIFICATION NUMBER | |
| Classification number | 004.03 |
| Author mark and Year | MOH 2017 |
| 100 ## - MAIN ENTRY--PERSONAL NAME | |
| Personal name | মোহাম্মদ, গাজী ইয়ার |
| 245 ## - TITLE STATEMENT | |
| Title | মাস্টার পাসওয়ার্ড: |
| Remainder of title | সমৃদ্ধ জীবন ও সফল ক্যারিয়ারের কার্যকরী কৌশল / |
| Statement of responsibility, etc | গাজী ইয়ার মোহাম্মদ, এম মোর্শেদ হায়দার । |
| 260 ## - PUBLICATION, DISTRIBUTION, ETC. (IMPRINT) | |
| Place of publication, distribution, etc | ঢাকা: |
| Name of publisher, distributor, etc | আদর্শ; |
| Date of publication, distribution, etc | ২০১৭. |
| 300 ## - PHYSICAL DESCRIPTION | |
| Pagination | 194 p. : |
| Other physical details | ill; |
| Dimensions | 24 cm. |
| 650 ## - SUBJECT ADDED ENTRY--TOPICAL TERM | |
| Topical term or geographic name as entry element | Computers |
| Geographic subdivision | Dictionaries |
| 700 ## - ADDED ENTRY--PERSONAL NAME | |
| Personal name | হায়দার,এম মোর্শেদ |
| 942 ## - ADDED ENTRY ELEMENTS (KOHA) | |
| Source of classification or shelving scheme | Dewey Decimal Classification |
| Koha item type | Books |
| Source of classification or shelving scheme | Damaged status | Not for loan | Home library | Current library | Shelving location | Date of accession | Cost, normal purchase price | Total Checkouts | Full call number | Barcode | Date last seen | Date checked out | Copy number | Koha item type |
|---|---|---|---|---|---|---|---|---|---|---|---|---|---|---|
| Dewey Decimal Classification | JCC Rouf Library | JCC Rouf Library | General Stacks | 07/23/2020 | 390.00 | 1 | 004.03 MOH 2017 | 15775 | 04/30/2025 | 04/28/2025 | C-1 | Books |